01651nam0a22002891 4500001001100000005001700011021001900028035002600047100004100073101000800114102000700122105001800129200058700147210004100734215002600775225006400801300004700865300010300912320003601015606010901051700007501160701003601235701003201271801001801303801002201321852001801343rc\344766020250610005138.0 aRUb[73-61881] a(NLR Aleph) 007593304 a20130115d1973 |||y0rusy50 ca0 arus aRU ay z |||||1 aИспользование трубопроводного транспорта для пассажирских перевозокfСост. канд. техн. наук Р.В. Горбанев, А.Н. Красников, Ю.П. ЗаляшинgОбъединение по руководству науч.-техн. информацией и пропагандой в РСФСР при Гос. ком. Совета Министров СССР по науке и технике. Гос. науч.-исслед. ин-т науч. и техн. информации "ГосИНТИ" aМоскваc[ГосИНТИ]d1973 a23 с.cграф.d211 aПроблемы больших городовv№ 5/33-73 aНа обл. сост. не указаны aНа обл. загл. сер.: Обзоры по проблемах больших городов aСписок лит.: с. 22-23 aПневматические транспортные установки, пассажирские2psbo 1aГорбаневbР.В.gРостислав Васильевич4220 1aКрасниковbА.Н.4220 1aЗаляшинbЮ.П.4220 0aRUbNLRgpsbo 1aRUbELAR2rusmarc aNLRjП31/290